| 000 | 00389nam a2200157Ia 4500 | ||
|---|---|---|---|
| 005 | 20250617022935.0 | ||
| 008 | 240331s9999 xx 000 0 und d | ||
| 020 | _a955202272X | ||
| 082 |
_a001 _bDAY |
||
| 100 | _aDayarathne, S | ||
| 245 | 0 | _aLadakata ath welak | |
| 260 |
_aColombo _bS. Godage & Brothers _c1998 |
||
| 300 | _a304 p ., | ||
| 500 | _aA book on Hand for a child | ||
| 942 | _cL | ||
| 999 |
_c659 _d659 |
||